| 000 | 01447cam a22004214i 4500 | ||
|---|---|---|---|
| 003 | PE-LiUPU | ||
| 005 | 20250731173139.0 | ||
| 008 | 150623s1981 miu r 000 0 eng d | ||
| 035 | _a(Sirsi) a27296 | ||
| 040 |
_aPE-LiUPU _bspa _cPE-LiUPU _erda |
||
| 049 | _aPRUA | ||
| 082 | 0 | 4 |
_a221 _bG81I _221 |
| 245 | 0 | 4 |
_aThe Interlinear Bible : _bHebrew, Greek, English / _cJay Green, general editor and translator. |
| 264 | 1 |
_aGrand Rapids, Michigan : _bBaker Book House, _c1981. |
|
| 300 |
_a946 páginas ; _c29 centímetros |
||
| 336 |
_atext _2rdacontent |
||
| 337 |
_aunmediated _2rdamedia |
||
| 338 |
_avolume _2rdacarrier |
||
| 505 | 0 | _aComentarios de la Biblia en Hebreo, Griego e Inglés. | |
| 526 | _aSEG42 | ||
| 526 | _aSEG41 | ||
| 526 | _aSEG40 | ||
| 526 | _aSEG39 | ||
| 526 | _aP94 | ||
| 526 | _aP87 | ||
| 526 | _aP86 | ||
| 526 | _aP85 | ||
| 526 | _aP77 | ||
| 526 | _aP76 | ||
| 526 | _aP35 | ||
| 630 |
_aBiblia _xTraducciones intelineares. |
||
| 700 | 1 |
_aGreen, Jay P., _eeditor. |
|
| 942 |
_2ddc _cBOOK |
||
| 949 |
_a221 G81I _wDEWEY _c1 _i52592 _lCCODEBUL1 _mBUL _p25.00 _r0 _sY _tBOOK _u2015-06-24 _xTEOLOGIA _PP35 _0COMPRA _o.STAFF. Colección General |
||
| 596 | _a1 | ||
| 999 |
_a221 G81I _wDEWEY _c34420 _i52592 _d34420 _e2016-10-28 _f2021-11-9 _g5 _lCCODEBUL1 _mBUL _n5 _p25.00 _q2 _r0 _sY _tBOOK _u2015-6-24 _xTEOLOGIA _PP35 _0COMPRA _o.STAFF. Colección Teología |
||
| 980 |
_81 _gALBERTO SANCHEZ Responsable de Automatización |
||